[Event "Campeonato Distrital Individual Absoluto"]
[Site "Sede do GX Alekhine - Lisboa"]
[Date "2015.02.10"]
[Round "6.10"]
[White "Seia, João Manuel Barradas"]
[Black "Marques, Hugo Miguel Fernande"]
[Result "1/2-1/2"]
[WhiteElo "1755"]
[BlackElo "1640"]
[PlyCount "142"]
[EventDate "2015.01.27"]

1. e4 e5 2. Nf3 Nc6 3. Bb5 a6 4. Ba4 Bc5 5. O-O Nge7 6. Re1 O-O 7. c3 h6 8. d4
exd4 9. cxd4 Bb6 10. d5 Na7 11. Nc3 d6 12. h3 Ng6 13. Bc2 Nh4 14. a3 Qf6 15.
Nxh4 Bxf2+ 16. Kh1 Qxh4 17. Be3 Bxe1 18. Qxe1 Qxe1+ 19. Rxe1 f5 20. Ne2 fxe4
21. Nd4 Nb5 22. Ne2 Bf5 23. a4 Na7 24. g4 Bg6 25. Nd4 Rf7 26. Ne6 b5 27. Rc1 c5
28. dxc6 Nxc6 29. Bb3 Ne5 30. Nf4 Kh7 31. Bxf7 Bxf7 32. Rc7 bxa4 33. Bd4 Rf8
34. Kg2 Nf3 35. Bc3 Nh4+ 36. Kg3 Ng6 37. Ne6 Bxe6 38. Rxg7+ Kh8 39. Rxg6+ Kh7
40. Rg7+ Kh8 41. Re7+ Kg8 42. Rxe6 Rf3+ 43. Kg2 Re3 44. Rxd6 a3 45. Rxa6 axb2
46. Rb6 Rxc3 47. Rxb2 Kg7 48. Re2 Rc4 49. Kg3 Rc3+ 50. Kh4 Rc4 51. Re3 Kg6 52.
Kg3 h5 53. Kf4 hxg4 54. hxg4 Rc1 55. Rxe4 Rf1+ 56. Kg3 Kg5 57. Re5+ Kf6 58. Rb5
Rg1+ 59. Kf3 Rf1+ 60. Kg2 Rf4 61. Kg3 Rf1 62. Rb4 Kg5 63. Rb8 Rg1+ 64. Kf3 Rf1+
65. Kg2 Rf4 66. Rg8+ Kh4 67. g5 Rg4+ 68. Kf3 Rxg5 69. Rh8+ Rh5 70. Rg8 Rf5+ 71.
Ke4 Rf7 1/2-1/2

[Event "Campeonato Distrital Individual Absoluto"]
[Site "Sede do GX Alekhine - Lisboa"]
[Date "2015.02.10"]
[Round "6.11"]
[White "Martins, Abílio Morgado"]
[Black "Branco, Rómulo João Monteiro"]
[Result "0-1"]
[WhiteElo "1489"]
[BlackElo "1737"]
[PlyCount "98"]
[EventDate "2015.01.27"]

1. d4 d5 2. Nf3 Nc6 3. e3 e6 4. a3 Nf6 5. Bb5 Bd7 6. O-O a6 7. Bd3 Bd6 8. b3 e5
9. dxe5 Nxe5 10. Bb2 Nxd3 11. cxd3 Bg4 12. Nbd2 O-O 13. Qc2 c5 14. Rfe1 Qc7 15.
h3 Bh5 16. e4 dxe4 17. dxe4 Bf4 18. Bxf6 gxf6 19. g4 Bg6 20. Rac1 Rad8 21. Re2
b6 22. Rd1 Rfe8 23. Nh4 Qb7 24. Nxg6 hxg6 25. f3 Qc7 26. Nf1 Rxd1 27. Qxd1 Rd8
28. Qc2 Qd6 29. Kg2 Kg7 30. a4 b5 31. h4 Rh8 32. Kh3 Bg5 33. h5 gxh5 34. gxh5
Rxh5+ 35. Kg2 Bf4 36. e5 fxe5 37. Kf2 Qd4+ 38. Ke1 Rh1 39. Rg2+ Kf8 40. Ke2 c4
41. axb5 axb5 42. Rf2 Rg1 43. bxc4 bxc4 44. Qb1 Be3 45. Qb8+ Kg7 46. f4 Bxf2
47. Qxe5+ Qxe5+ 48. fxe5 Rxf1 49. Kxf1 Bd4 0-1

[Event "Campeonato Distrital Individual Absoluto"]
[Site "Sede do GX Alekhine - Lisboa"]
[Date "2015.02.10"]
[Round "6.12"]
[White "Azevedo, Manuel Roque"]
[Black "Nunes, Adelino Victor"]
[Result "0-1"]
[WhiteElo "1719"]
[BlackElo "1588"]
[PlyCount "70"]
[EventDate "2015.01.27"]

1. d4 d5 2. c4 g6 3. Nc3 c6 4. Nf3 Nf6 5. e3 Bg7 6. Bd3 O-O 7. O-O a5 8. Bd2
Na6 9. cxd5 Nb4 10. Be2 Nbxd5 11. Ne5 Nxc3 12. Bxc3 Ne4 13. Nf3 c5 14. Qc2 Nxc3
15. bxc3 cxd4 16. cxd4 Bf5 17. Qb2 b6 18. Rac1 Rb8 19. a4 Be4 20. Nd2 Ba8 21.
Bf3 e5 22. Bxa8 exd4 23. exd4 Rxa8 24. Nf3 Qd6 25. Rfd1 Bf6 26. Qb5 Rfc8 27.
Rxc8+ Rxc8 28. h3 Kg7 29. Qd3 Qb4 30. Qb5 Rc4 31. d5 Rc5 32. Qxb4 axb4 33. d6
b3 34. d7 b2 35. Kf1 Rc1 0-1

[Event "Campeonato Distrital Individual Absoluto"]
[Site "Sede do GX Alekhine - Lisboa"]
[Date "2015.02.10"]
[Round "6.13"]
[White "Sirgado, Carlos Manuel Ferrei"]
[Black "Santos, Júlio Fernandes Dos"]
[Result "0-1"]
[WhiteElo "1654"]
[BlackElo "1949"]
[PlyCount "124"]
[EventDate "2015.01.27"]

1. e4 e5 2. Nf3 d6 3. h3 Nc6 4. Bb5 Bd7 5. Nc3 g6 6. d3 Bg7 7. O-O Nge7 8. a3
O-O 9. Bc4 h6 10. Rb1 Kh7 11. Ne2 f5 12. exf5 Nxf5 13. Kh2 Qe7 14. Ng3 Nh4 15.
Nxh4 Qxh4 16. c3 Ne7 17. Qe2 d5 18. Bb3 Rf7 19. Bd2 Raf8 20. Be1 c6 21. f3 Qf6
22. Bc2 Qd6 23. Bf2 a6 24. Kh1 Ng8 25. Qe1 Re8 26. Rd1 Rfe7 27. b4 Re6 28. c4
Nf6 29. Bb3 Bc8 30. c5 Qc7 31. Ne4 dxe4 32. Bxe6 Bxe6 33. dxe4 Bc4 34. Rg1 Qc8
35. Qc3 Be6 36. Kh2 Nh5 37. Bg3 Qc7 38. Rd6 Bc8 39. Rgd1 Qe7 40. Qd2 Bf6 41.
Qf2 Bg5 42. Kh1 Qf7 43. Bh2 Ng7 44. h4 Be7 45. R6d3 Qf6 46. g3 Ne6 47. Qg2 g5
48. Rg1 Rg8 49. h5 Nd4 50. g4 Rf8 51. Rf1 Be6 52. Rf2 Rd8 53. Rfd2 Bf8 54. Bg1
Bg7 55. Bh2 Rf8 56. Rf2 Qf7 57. Bg3 Bc4 58. Rc3 Nb5 59. Re3 Rd8 60. Rd2 Qe7 61.
Qh2 Rd4 62. Bf2 Rxd2 0-1

[Event "Campeonato Distrital Individual Absoluto"]
[Site "Sede do GX Alekhine - Lisboa"]
[Date "2015.02.12"]
[Round "7.1"]
[White "Reis, Luís De Sousa Almeid"]
[Black "Pires, Emanuel Joao Robarts"]
[Result "1-0"]
[WhiteElo "2174"]
[BlackElo "2104"]
[PlyCount "82"]
[EventDate "2015.01.27"]

1. e4 e6 2. Nc3 d5 3. Nf3 Nf6 4. e5 Ne4 5. d3 Nxc3 6. bxc3 c5 7. d4 Qa5 8. Bd2
Nc6 9. dxc5 Bxc5 10. Bd3 Qc7 11. Qe2 Bd7 12. O-O f6 13. exf6 gxf6 14. Nd4 Nxd4
15. cxd4 Bxd4 16. Qh5+ Kd8 17. c3 Be5 18. Rfe1 Qd6 19. Qh4 Kc7 20. f4 Qc5+ 21.
Be3 d4 22. Bf2 Bd6 23. cxd4 Qa3 24. Rac1+ Bc6 25. Qxf6 Raf8 26. Qxe6 Kb8 27.
Qb3 Qxb3 28. axb3 Bxf4 29. Be3 Bc7 30. Bc4 Rd8 31. Bg5 Rdg8 32. Bxg8 Rxg8 33.
h4 h6 34. Rxc6 bxc6 35. Bxh6 Rg4 36. Bg5 Rxd4 37. Kf2 Rd3 38. Re3 Bb6 39. Ke2
Rd4 40. Rd3 Re4+ 41. Kf3 Re5 1-0

[Event "Campeonato Distrital Individual Absoluto"]
[Site "Sede do GX Alekhine - Lisboa"]
[Date "2015.02.12"]
[Round "7.2"]
[White "Preto, Daniel Filipe Rodrig"]
[Black "Vasconcellos, Renato Fialho De"]
[Result "0-1"]
[WhiteElo "2015"]
[BlackElo "2053"]
[PlyCount "104"]
[EventDate "2015.01.27"]

1. Nf3 Nf6 2. g3 b6 3. Bg2 Bb7 4. d3 g6 5. O-O Bg7 6. e4 d6 7. Nc3 O-O 8. Nh4
e5 9. f4 Nbd7 10. f5 Ne8 11. fxg6 fxg6 12. Rxf8+ Nxf8 13. Be3 Ne6 14. Qd2 Nf6
15. Bh3 Bc8 16. Rf1 c6 17. Nf3 Nd4 18. Bxc8 Nxf3+ 19. Rxf3 Qxc8 20. Bh6 Qg4 21.
Kg2 Rf8 22. Bxg7 Kxg7 23. h3 Qe6 24. Qf2 d5 25. a4 dxe4 26. dxe4 Qc4 27. Qe3
Rd8 28. Qg5 Qe6 29. g4 Rd4 30. Re3 Rd2+ 31. Re2 Rxe2+ 32. Nxe2 Nxe4 33. Qe3 Qd5
34. Kh2 Nd6 35. Ng3 Nc4 36. Nf5+ gxf5 37. Qg5+ Kf8 38. Qf6+ Ke8 39. Qh8+ Kd7
40. Qxh7+ Kd6 41. Qxf5 Qd2+ 42. Kg3 Qe1+ 43. Kh2 Qe2+ 44. Kg3 Qe3+ 45. Kh4 Qh6+
46. Kg3 Qe6 47. Qf8+ Kc7 48. b3 Nd6 49. Qg7+ Kb8 50. Qh8+ Kb7 51. Qg7+ Ka6 52.
g5 Nf5+ 0-1

[Event "Campeonato Distrital Individual Absoluto"]
[Site "Sede do GX Alekhine - Lisboa"]
[Date "2015.02.12"]
[Round "7.3"]
[White "Garcia, António Manuel Da Co"]
[Black "Fortunato, António Eduardo Con"]
[Result "1-0"]
[WhiteElo "1919"]
[BlackElo "1691"]
[PlyCount "79"]
[EventDate "2015.01.27"]

1. d4 d5 2. c4 e6 3. Nf3 Nc6 4. e3 Nf6 5. Bd3 g6 6. O-O Bg7 7. Nc3 O-O 8. b3
Nb4 9. Be2 c6 10. Bb2 Nd7 11. e4 Re8 12. a3 dxe4 13. Nxe4 Na6 14. Qd2 Nf6 15.
Nxf6+ Bxf6 16. Rad1 Nc7 17. Qf4 Bg7 18. Ng5 Qe7 19. Nf3 a6 20. Rfe1 b5 21. Ne5
Bb7 22. Bf3 Bxe5 23. dxe5 Rac8 24. Rd6 Na8 25. Red1 Red8 26. Qd4 Rxd6 27. exd6
e5 28. dxe7 exd4 29. Rxd4 Re8 30. Rd8 Nc7 31. Be5 f6 32. Bxc7 Kf7 33. Rxe8 Kxe8
34. Bd6 f5 35. Kf1 Kd7 36. Ke2 Ke8 37. Ke3 Kd7 38. Kd4 bxc4 39. Kxc4 h5 40. Kc5
1-0

[Event "Campeonato Distrital Individual Absoluto"]
[Site "Sede do GX Alekhine - Lisboa"]
[Date "2015.02.12"]
[Round "7.4"]
[White "Marques, Carlos Filipe Fernan"]
[Black "Bolhari, Orphe Iraj"]
[Result "0-1"]
[WhiteElo "1852"]
[BlackElo "2141"]
[PlyCount "68"]
[EventDate "2015.01.27"]

1. e4 c5 2. Bc4 e6 3. a3 d5 4. exd5 exd5 5. Ba2 Nc6 6. d3 Nf6 7. h3 Bd6 8. Nf3
Qe7+ 9. Qe2 Be6 10. O-O O-O 11. Bg5 h6 12. Bh4 g5 13. Nxg5 Nd4 14. Qd2 Bf4 15.
Nxe6 Bxd2 16. Nxd4 Bg5 17. Nf3 Bxh4 18. Nxh4 Qe2 19. Bb3 c4 20. dxc4 dxc4 21.
Ba2 Qxc2 22. Nf3 Rad8 23. Nc3 Qxb2 24. Na4 Qb5 25. Nc3 Qa5 26. Rfc1 Rd3 27. Ne2
Rxa3 28. Rc2 b5 29. Ne5 Re8 30. Nc6 Qb6 31. Ncd4 Nd5 32. Rb1 Qa6 33. Rxb5 Rxa2
34. Rxa2 Qxa2 0-1

[Event "Campeonato Distrital Individual Absoluto"]
[Site "Sede do GX Alekhine - Lisboa"]
[Date "2015.02.12"]
[Round "7.5"]
[White "Nanques, Helder Manuel Pereir"]
[Black "Aguiar, Carlos Alberto Branc"]
[Result "1-0"]
[WhiteElo "1922"]
[BlackElo "1807"]
[PlyCount "115"]
[EventDate "2015.01.27"]

1. e4 c5 2. Nf3 a6 3. c3 d5 4. exd5 Qxd5 5. d4 cxd4 6. Qxd4 Qxd4 7. Nxd4 e5 8.
Nf3 Nc6 9. Bc4 Be7 10. Bd5 f6 11. O-O Bd7 12. Be3 Nh6 13. Rd1 Bg4 14. h3 Bh5
15. g4 Bf7 16. Be4 Be6 17. Nh4 Nf7 18. Nf5 Bxf5 19. Bxf5 Rd8 20. Nd2 O-O 21.
Bb6 Ra8 22. Ne4 Bd8 23. Bc5 Be7 24. Rd7 Bxc5 25. Nxc5 Ng5 26. Nxb7 Nxh3+ 27.
Kh2 Ng5 28. Rad1 Rf7 29. Bc2 Rxd7 30. Rxd7 Rc8 31. Ba4 Nb8 32. Rd8+ Rxd8 33.
Nxd8 Kf8 34. Nc6 Nxc6 35. Bxc6 a5 36. b4 axb4 37. cxb4 Ke7 38. a4 Kd6 39. b5
Kc5 40. a5 Ne6 41. Bd7 Nc7 42. b6 Na6 43. Bc8 Nb8 44. Bf5 Kb5 45. Bxh7 Kxa5 46.
b7 Kb6 47. Be4 Kc7 48. Kg3 Na6 49. Kh4 g6 50. g5 fxg5+ 51. Kxg5 Nc5 52. f3 Nd7
53. Kxg6 Kd6 54. Kf7 Nb8 55. Ke8 Kc7 56. Ke7 Nd7 57. Ke6 Kd8 58. Kd6 1-0

[Event "Campeonato Distrital Individual Absoluto"]
[Site "Sede do GX Alekhine - Lisboa"]
[Date "2015.02.12"]
[Round "7.6"]
[White "Lopes, Jose Manuel Cidreiro"]
[Black "Rocha, Manuel Fernando Teix"]
[Result "0-1"]
[WhiteElo "1734"]
[BlackElo "1798"]
[PlyCount "82"]
[EventDate "2015.01.27"]

1. e4 e6 2. d4 d5 3. Nd2 Nf6 4. e5 Nfd7 5. Ngf3 c5 6. c3 Nc6 7. Bb5 cxd4 8.
cxd4 Qb6 9. Bxc6 bxc6 10. O-O c5 11. Nb3 cxd4 12. Nbxd4 Bc5 13. Qa4 O-O 14. Rd1
f6 15. Bf4 fxe5 16. Bxe5 Nxe5 17. Nxe5 Qxb2 18. Rab1 Qxf2+ 19. Kh1 Bxd4 20.
Qxd4 Qxd4 21. Rxd4 Ba6 22. g3 Bf1 23. Rf4 Bh3 24. Rb3 Rac8 25. Rxf8+ Kxf8 26.
Kg1 Rc1+ 27. Kf2 Rc2+ 28. Ke3 Rxa2 29. Kd4 Ra4+ 30. Kc5 Ke7 31. Nc6+ Kf6 32.
Rb7 a6 33. Kd6 d4 34. Ne5 d3 35. Rf7+ Kg5 36. Rxg7+ Kh6 37. Rg8 Ra5 38. Nxd3
Rd5+ 39. Ke7 Rxd3 40. g4 e5 41. Kf6 e4 0-1

[Event "Campeonato Distrital Individual Absoluto"]
[Site "Sede do GX Alekhine - Lisboa"]
[Date "2015.02.12"]
[Round "7.7"]
[White "Alves, Luis Miguel Guerreir"]
[Black "Fanha, Paulo A Marinheiro"]
[Result "1-0"]
[WhiteElo "1798"]
[BlackElo "1868"]
[PlyCount "159"]
[EventDate "2015.01.27"]

1. c4 Nf6 2. Nf3 e6 3. g3 b6 4. Bg2 Bb7 5. O-O Be7 6. d3 c5 7. Bd2 O-O 8. a3
Nc6 9. Bc3 Qc7 10. Nbd2 d5 11. Bxf6 Bxf6 12. Rb1 a5 13. cxd5 exd5 14. Re1 Ba6
15. Qc2 Rad8 16. b4 axb4 17. axb4 Nd4 18. Nxd4 Bxd4 19. Nf3 Bf6 20. b5 Bb7 21.
d4 c4 22. e3 Ra8 23. g4 Rfd8 24. g5 Be7 25. h4 Bd6 26. h5 Qd7 27. g6 hxg6 28.
hxg6 Qg4 29. gxf7+ Kxf7 30. Ra1 Rh8 31. Rxa8 Rxa8 32. Qe2 Kg8 33. Qb2 Rf8 34.
Nh2 Qh5 35. f4 Re8 36. Nf3 Qg6 37. Kf2 Ra8 38. Rg1 Ra3 39. Ne5 Qe8 40. Rh1 Rb3
41. Qc2 Bxe5 42. Qh7+ Kf8 43. Qf5+ Kg8 44. fxe5 Rxb5 45. e6 Rb2+ 46. Kf3 Bc8
47. Qh7+ Kf8 48. Qh8+ Ke7 49. Qxg7+ Kd6 50. Rh7 Kc6 51. Rh8 Qxe6 52. Rh6 c3 53.
Rxe6+ Bxe6 54. Qg6 Kd7 55. Qh7+ Kc6 56. Qd3 Rb3 57. Qc2 Ra3 58. Kf4 b5 59. Bf1
b4 60. Ke5 Bf7 61. Bd3 Kb6 62. Bf5 Be8 63. Kd6 Ba4 64. Qc1 Bb3 65. Qb1 Kb5 66.
Bd7+ Ka5 67. Bf5 Kb5 68. Bc2 Ra6+ 69. Ke5 Ba2 70. Qf1+ Ka5 71. Qa1 Kb6 72. Qe1
Ra8 73. Bf5 Re8+ 74. Kd6 Rd8+ 75. Ke7 Rb8 76. Qg3 Rb7+ 77. Kd8 Ka5 78. Qe1 Rg7
79. Qa1 Rg2 80. Be6 1-0

[Event "Campeonato Distrital Individual Absoluto"]
[Site "Sede do GX Alekhine - Lisboa"]
[Date "2015.02.12"]
[Round "7.8"]
[White "Branco, Rómulo João Monteiro"]
[Black "Belo, Miguel Ângelo Peting"]
[Result "0-1"]
[WhiteElo "1737"]
[BlackElo "1850"]
[PlyCount "90"]
[EventDate "2015.01.27"]

1. e4 c5 2. Nf3 d6 3. d4 cxd4 4. Bb5+ Bd7 5. Bxd7+ Qxd7 6. Nxd4 Nf6 7. Nc3 g6
8. O-O Nc6 9. Nxc6 Qxc6 10. Re1 Bg7 11. Nd5 e6 12. Bg5 Nxd5 13. exd5 Qd7 14.
dxe6 fxe6 15. Qg4 e5 16. Qxd7+ Kxd7 17. Rad1 Rac8 18. c3 Rhf8 19. Rd5 Rc5 20.
Rxc5 dxc5 21. f3 Rf7 22. Bh4 Kc6 23. Bg3 Re7 24. Kf2 Kd5 25. Rd1+ Kc4 26. Ke3
a5 27. Ke4 a4 28. a3 Kb3 29. Rd2 Bh6 30. Re2 Bc1 31. Bxe5 Bxb2 32. Re3 Kc4 33.
f4 Rd7 34. f5 gxf5+ 35. Kxf5 b5 36. g4 Bxa3 37. g5 Bb2 38. h4 a3 39. Re4+ Kd3
40. Rg4 a2 41. Rg3+ Kc4 42. Rg1 a1=Q 43. Rxa1 Bxa1 44. Ke6 Rb7 45. h5 Bxc3 0-1

[Event "Campeonato Distrital Individual Absoluto"]
[Site "Sede do GX Alekhine - Lisboa"]
[Date "2015.02.12"]
[Round "7.9"]
[White "Lages, Duarte Jorge Silva"]
[Black "Sousa, Tadeu Filipe Leonard"]
[Result "1-0"]
[WhiteElo "1775"]
[BlackElo "1787"]
[PlyCount "51"]
[EventDate "2015.01.27"]

1. d4 d5 2. c4 dxc4 3. Nf3 Nf6 4. e3 Bg4 5. Bxc4 e6 6. h3 Bh5 7. Qb3 Bxf3 8.
gxf3 Nbd7 9. Rg1 Nb6 10. Be2 Qd5 11. Qc2 Bb4+ 12. Nc3 O-O 13. Bd2 Qa5 14. e4 c5
15. d5 exd5 16. e5 Ne8 17. Bd3 d4 18. Bxh7+ Kh8 19. Ne4 d3 20. Qxd3 Nc7 21.
O-O-O Rad8 22. Nd6 Qxa2 23. Rg4 Bxd2+ 24. Rxd2 Ne6 25. Rh4 Nd4 26. Bg8+ 1-0

[Event "Campeonato Distrital Individual Absoluto"]
[Site "Sede do GX Alekhine - Lisboa"]
[Date "2015.02.12"]
[Round "7.10"]
[White "Nunes, Adelino Victor"]
[Black "Santos, Jose Manuel Duarte C"]
[Result "0-1"]
[WhiteElo "1588"]
[BlackElo "1872"]
[PlyCount "108"]
[EventDate "2015.01.27"]

1. e4 Nf6 2. d3 e5 3. Nf3 Nc6 4. g3 d5 5. exd5 Nxd5 6. Nbd2 Be6 7. Bg2 f6 8.
O-O Qd7 9. a3 O-O-O 10. Ne4 Be7 11. Qe2 Bh3 12. Be3 g5 13. Bc5 Bxg2 14. Kxg2 h5
15. Bxe7 Qxe7 16. h4 gxh4 17. Nxh4 Nd4 18. Qd1 Rdg8 19. Rh1 f5 20. Nc3 Nf6 21.
Ne2 Qd7 22. Nxd4 exd4 23. Qf3 Rg5 24. c4 Ng4 25. b4 Ne5 26. Qf4 Qc6+ 27. f3 Qf6
28. Qxd4 Rd8 29. Qxa7 Nxd3 30. Qa8+ Kd7 31. Qxb7 Nf4+ 32. Kf2 Qb2+ 33. Ke3 Re8+
34. Qe4 Qe2+ 35. Kd4 Qf2+ 36. Kc3 fxe4 37. gxf4 exf3 38. Rad1+ Kc6 39. fxg5
Re3+ 40. Rd3 Rxd3+ 41. Kxd3 Qe2+ 42. Kd4 f2 43. Nf5 f1=Q 44. Rxf1 Qxf1 45. b5+
Kd7 46. Ke5 Qxc4 47. Kf6 Qe6+ 48. Kg7 Qxf5 49. g6 h4 50. Kh7 h3 51. Kg7 h2 52.
Kh7 Ke7 53. Kg7 Qf8+ 54. Kh7 h1=Q# 0-1

[Event "Campeonato Distrital Individual Absoluto"]
[Site "Sede do GX Alekhine - Lisboa"]
[Date "2015.02.12"]
[Round "7.11"]
[White "Santos, Júlio Fernandes Dos"]
[Black "Seia, João Manuel Barradas"]
[Result "0-1"]
[WhiteElo "1949"]
[BlackElo "1755"]
[PlyCount "68"]
[EventDate "2015.01.27"]

1. e4 c5 2. Nf3 d6 3. c4 Nf6 4. Nc3 g6 5. d4 cxd4 6. Nxd4 Nc6 7. Be2 Nxd4 8.
Qxd4 Bg7 9. Be3 O-O 10. Qd2 Qa5 11. f3 h5 12. h3 Kh7 13. g4 Be6 14. Rc1 Rac8
15. b3 a6 16. Kf2 Rc6 17. f4 Qxc3 18. Qd1 Qa5 19. Qd3 Nd7 20. gxh5 Nc5 21. Qb1
Nd7 22. f5 gxf5 23. b4 Qe5 24. exf5 Qxf5+ 25. Bf3 Qxb1 26. Rxb1 Rxc4 27. Bxb7
Rc2+ 28. Kf3 Ne5+ 29. Kg3 Rxa2 30. Ra1 Rxa1 31. Rxa1 Rb8 32. Bxa6 Rxb4 33. Bf1
Rb3 34. Kf2 Ng4+ 0-1

[Event "Campeonato Distrital Individual Absoluto"]
[Site "Sede do GX Alekhine - Lisboa"]
[Date "2015.02.12"]
[Round "7.14"]
[White "Azevedo, Manuel Roque"]
[Black "Sirgado, Carlos Manuel Ferrei"]
[Result "1-0"]
[WhiteElo "1719"]
[BlackElo "1654"]
[PlyCount "83"]
[EventDate "2015.01.27"]

1. d4 d5 2. c4 e6 3. Nc3 Nf6 4. Bg5 Be7 5. e3 O-O 6. Nf3 h6 7. Bh4 a6 8. Rc1 c6
9. Bd3 Re8 10. O-O Nbd7 11. c5 Nh5 12. Bxe7 Qxe7 13. Nd2 Nhf6 14. f4 Nf8 15.
Nf3 N6d7 16. Ne5 f6 17. Ng6 Nxg6 18. Bxg6 Rf8 19. Qd2 f5 20. Bh5 Nf6 21. Bf3
Bd7 22. Na4 Be8 23. Nb6 Rb8 24. Qb4 Bh5 25. h3 Bxf3 26. Rxf3 Nd7 27. Nxd7 Qxd7
28. Rc3 Kf7 29. Rb3 Kf6 30. Qe1 Kf7 31. Rf2 Qd8 32. Rb6 Re8 33. Rc2 Re7 34. Rc3
Rd7 35. Rcb3 g5 36. fxg5 Qxg5 37. Rxc6 bxc6 38. Rxb8 Qe7 39. Qg3 Rd8 40. Rb6
Rg8 41. Qf4 h5 42. Rxc6 1-0